000 00721nam a22002177a 4500
003 UA-OsUOA
001 81553
007 ta
008 20120203b un ||||| |||| 00| 0 ukr d
100 _aСальцов О.
090 _a330(477)
_bС16
942 _cSA
040 _aUA-OsUOA
_bukr
_cUA-OsUOA
_dUA-OsUOA
245 _aОсобливості страхуваня ризиків від перерви у виробництві та невиконання договірних зобов'язань
300 _aС.8
955 _a0
041 _aukr
080 _a330(477)
773 0 _w81548
_tФінансовий ринок України
_dК.
_d2012
_g1
650 7 _a330 Економіка взагалі
_2UDC
999 _c367865
_d367865